000
00225nam a22000857a 4500
008
161024b xxu||||| |||| 00| 0 eng d
100
_9
949
_a
Olympiad
245
_a
Mathematics-Class-06
260
_a
New Delhi
_b
3 Gen Publications
_c
2016
999
_c
3605
_d
3605